| 000 | 00393nam a22001337a 4500 | ||
|---|---|---|---|
| 082 |
_a891.4393 _bTAR |
||
| 100 |
_aMustansir Hussain Tarar _946990 |
||
| 245 |
_aپیار کا پہلا شہر _cMustansir Hussain Tarar |
||
| 260 |
_aLahore. _bSing mail publisher _cc1999. |
||
| 300 |
_a262 p. _bill. _c20 cm. |
||
| 526 |
_a0 _b0 _c0 _d891_439300000000000_TAR |
||
| 650 |
_aMCE _9379 |
||
| 942 |
_2ddc _cBK |
||
| 999 |
_c550298 _d550298 |
||